Johnny Depp Movies - Sudden Death - Statistics

Statistiche generali
  • Questo quiz è stato fatto 45 volte
  • Il punteggio medio è 8 su 19
Answers on the Grid
Answers color-coded by a green-red scale on the quiz's grid according to % correct below.
Pan’s Labyrinth
Chocolat
Finding Neverland
Pirates of the Caribbean
Edward Scissorhands
Dallas Buyers Club
Charlie and the Chocolate Factory
Donnie Brasco
Dead Poets Society
Blow
True Romance
The Tourist
Big Fish
Murder on the Orient Express
Alice in Wonderland
The Game
The Lone Ranger
Secret Window
Trascendence
Fantastic Beasts: The Secrets of Dumbledore
Interview with the Vampire
Black Mass
Fantastic Beasts: The Crimes of Grindelwald
City of Lies
L.A. Confidential
The Ninth Gate
Public Enemies
Braveheart
Prisoners
The Libertine
 
Statistiche sulle risposte
Risposta % Corretto
Charlie and the Chocolate Factory
82%
Pirates of the Caribbean
82%
Alice in Wonderland
71%
Edward Scissorhands
71%
Chocolat
65%
The Tourist
56%
Finding Neverland
47%
Blow
41%
Donnie Brasco
41%
Murder on the Orient Express
38%
The Lone Ranger
35%
Secret Window
29%
Fantastic Beasts: The Crimes of Grindelwald
26%
Public Enemies
24%
Trascendence
15%
The Libertine
12%
The Ninth Gate
12%
Black Mass
6%
City of Lies
6%
Nessun quiz corrispondente trovato
Distribuzione punteggi
Percentuale di utenti per punteggio
Percentile per numero di risposta
I tuoi punteggi nel tempo
Non hai fatto questo quiz